[Event "interzonal (w)"]
[Site "Genting Highlands MAS"]
[Date "1990.??.??"]
[Round "9"]
[White "Sziva, Erika"]
[Black "Gurieli, Nino"]
[Result "1/2-1/2"]
[WhiteElo "2250"]
[BlackElo "2340"]
[EventDate "1990.06.??"]
[PlyCount "100"]

1.e4 g6 2.d4 c6 3.Nc3 d5 4.Nf3 Bg7 5.h3 Nh6 6.Bf4 O-O 7.Qd2 dxe4 8.Nxe4 
Nf5 9.c3 Nd6 10.Bd3 Nxe4 11.Bxe4 Nd7 12.O-O c5 13.Bh6 Nf6 14.Rfe1 cxd4 15.
Bxg7 Kxg7 16.Nxd4 e5 17.Nf3 Nxe4 18.Rxe4 Qxd2 19.Nxd2 Rd8 20.Nb3 f6 21.f4 
Bf5 22.Rb4 b6 23.fxe5 fxe5 24.Re1 Re8 25.Rb5 Kf6 26.g4 Bd3 27.Rd5 Bc4 28.
Rd7 Red8 29.Rxh7 a5 30.Rc7 Rac8 31.Rxc8 Rxc8 32.Nc1 Rd8 33.b3 Ba6 34.Kf2 
Rd2+ 35.Kg3 g5 36.h4 gxh4+ 37.Kxh4 Rh2+ 38.Kg3 Rc2 39.c4 Bb7 40.Rd1 Kg5 
41.Nd3 e4 42.Ne1 Rc3+ 43.Kf2 a4 44.bxa4 Rxc4 45.Rb1 Rxa4 46.Rxb6 Rxa2+ 47.
Kg3 Ra3+ 48.Kf2 Bc8 49.Rb4 e3+ 50.Kf3 e2+ 1/2-1/2

[Event "interzonal (w)"]
[Site "Genting Highlands MAS"]
[Date "1990.??.??"]
[Round "9"]
[White "Xie Jun"]
[Black "Lematschko, Tatjana"]
[Result "1-0"]
[WhiteElo "2360"]
[BlackElo "2325"]
[EventDate "1990.06.??"]
[PlyCount "91"]

1.e4 c6 2.d4 d5 3.Nd2 dxe4 4.Nxe4 Nf6 5.Nxf6+ gxf6 6.Be3 Bf5 7.Ne2 h5 8.h4
e6 9.Ng3 Bg6 10.Be2 Bd6 11.f4 Nd7 12.Bd2 Qb6 13.Nxh5 Qxb2 14.Rb1 Qxa2 15.
Ng7+ Kf8 16.f5 Qd5 17.Bf3 Qc4 18.Be2 Qa4 19.Nxe6+ fxe6 20.fxg6 Ke7 21.Be3 
Bg3+ 22.Bf2 Qa5+ 23.Kf1 Qf5 24.Bf3 Bxf2 25.Kxf2 Nb6 26.h5 Rad8 27.c3 Qg5 
28.Rb2 Rd7 29.Qc1 Qxc1 30.Rxc1 Rh6 31.Ra1 Nc8 32.Re1 Kd6 33.Rbe2 Re7 34.g4
b5 35.g5 fxg5 36.Bg4 Rg7 37.Rxe6+ Kc7 38.Re8 Nb6 39.R1e7+ Rxe7 40.Rxe7+ 
Kd8 41.Rh7 Rxg6 42.hxg6 Nd5 43.Rxa7 Nxc3 44.g7 Ne4+ 45.Kf3 Nf6 46.Rf7 1-0

[Event "interzonal (w)"]
[Site "Genting Highlands MAS"]
[Date "1990.??.??"]
[Round "9"]
[White "Zayats, Elena"]
[Black "Maric, Alisa"]
[Result "0-1"]
[WhiteElo "2305"]
[BlackElo "2305"]
[EventDate "1990.06.??"]
[PlyCount "68"]

1.d4 d5 2.c4 e6 3.Nc3 Be7 4.cxd5 exd5 5.Bf4 Nf6 6.e3 O-O 7.Bd3 c5 8.Nge2 
Nc6 9.dxc5 Bxc5 10.O-O a6 11.Rc1 Be6 12.Bb1 Bd6 13.h3 Rc8 14.Bg5 h6 15.Bf4
Re8 16.Na4 Ne5 17.Nd4 b5 18.Nc3 Qd7 19.Nxe6 fxe6 20.Ne2 Rxc1 21.Qxc1 Rc8 
22.Qd1 Nc6 23.Bxd6 Qxd6 24.Qd2 Qb4 25.Qxb4 Nxb4 26.a3 Nc6 27.Rc1 Ne7 28.
Rxc8+ Nxc8 29.Nd4 Kf7 30.Nc6 Nd7 31.e4 Ncb6 32.exd5 exd5 33.Kf1 Nc4 34.Nb4
Nd2+ 0-1

[Event "interzonal (w)"]
[Site "Genting Highlands MAS"]
[Date "1990.??.??"]
[Round "10"]
[White "Akhsharumova, Anna"]
[Black "Forbes, Catherine"]
[Result "1/2-1/2"]
[WhiteElo "2395"]
[BlackElo "2075"]
[EventDate "1990.06.??"]
[PlyCount "99"]

1.d4 d6 2.e4 Nf6 3.Nc3 g6 4.Bg5 Bg7 5.f4 O-O 6.Qd2 c6 7.Nf3 b5 8.Bd3 b4 9.
Ne2 Qb6 10.O-O Ba6 11.Kh1 d5 12.Bxf6 exf6 13.Bxa6 Nxa6 14.exd5 cxd5 15.f5 
Nc7 16.Nf4 Rfe8 17.Nd3 Bf8 18.Rae1 a5 19.Nf2 Rxe1 20.Rxe1 Re8 21.Ng4 Rxe1+
22.Qxe1 h5 23.Ne3 Bh6 24.h3 Qc6 25.c3 bxc3 26.bxc3 Qa4 27.fxg6 fxg6 28.Qg3
Bxe3 29.Qxg6+ Kf8 30.Qxf6+ Ke8 31.Qe5+ Kd7 32.Qxe3 Qxa2 33.Ne5+ Kc8 34.c4 
Qb1+ 35.Kh2 Qe4 36.Qxe4 dxe4 37.Nc6 a4 38.g4 hxg4 39.hxg4 Ne6 40.d5 a3 41.
Nb4 e3 42.Kg3 Nf4 43.Nc2 a2 44.Kf3 e2 45.Kf2 Kd7 46.g5 Kd6 47.Ke1 Kc5 48.
Kd2 Kxc4 49.d6 Kb3 50.Na1+ 1/2-1/2

[Event "interzonal (w)"]
[Site "Genting Highlands MAS"]
[Date "1990.??.??"]
[Round "10"]
[White "Demina, Yulia"]
[Black "Sziva, Erika"]
[Result "1-0"]
[WhiteElo "2310"]
[BlackElo "2250"]
[EventDate "1990.06.??"]
[PlyCount "67"]

1.Nf3 Nf6 2.c4 g6 3.d4 Bg7 4.g3 d6 5.Bg2 O-O 6.O-O c5 7.Nc3 Nc6 8.dxc5 
dxc5 9.Be3 Be6 10.Bxc5 Qa5 11.Ba3 Ng4 12.Nd5 Rfd8 13.e4 b5 14.cxb5 Qxb5 
15.Qb3 Qxb3 16.axb3 Rab8 17.Rac1 Bxd5 18.exd5 Na5 19.b4 Nb7 20.Rfd1 Rd7 
21.Nd4 Bxd4 22.Rxd4 Nf6 23.Rdc4 Nd6 24.Rc7 Rb7 25.Rxb7 Rxb7 26.Rc5 Nd7 27.
Ra5 Nc4 28.d6 Nxa5 29.bxa5 Rb8 30.dxe7 Nf6 31.Bf3 Ne8 32.Bc6 f6 33.b4 a6 
34.b5 1-0

[Event "interzonal (w)"]
[Site "Genting Highlands MAS"]
[Date "1990.??.??"]
[Round "10"]
[White "Lematschko, Tatjana"]
[Black "Litinskaya, Marta"]
[Result "0-1"]
[WhiteElo "2325"]
[BlackElo "2355"]
[EventDate "1990.06.??"]
[PlyCount "82"]

1.c4 c5 2.Nc3 g6 3.g3 Bg7 4.Bg2 Nc6 5.Rb1 e6 6.a3 Nge7 7.b4 cxb4 8.axb4 
O-O 9.Nf3 b6 10.O-O Bb7 11.d4 d6 12.Qd3 Qc8 13.Bh3 Rd8 14.d5 Ne5 15.Nxe5 
dxe5 16.Bg5 f6 17.Ne4 fxg5 18.Nxg5 Nf5 19.Nxe6 Qxe6 20.e4 b5 21.Rfd1 bxc4 
22.Qxc4 Qf7 23.Qa2 Kh8 24.exf5 gxf5 25.Qc2 e4 26.d6 Rac8 27.Qa4 Bd5 28.
Rdc1 Rxc1+ 29.Rxc1 Rxd6 30.Rc8+ Bf8 31.Qa1+ Kg8 32.Qc1 Qf6 33.Qf4 Bb7 34.
Rc1 Bh6 35.Qxf5 Qxf5 36.Bxf5 Bxc1 37.Kf1 a6 38.Ke2 Bd2 39.g4 Bxb4 40.h4 a5
41.Ke3 a4 0-1

[Event "interzonal (w)"]
[Site "Genting Highlands MAS"]
[Date "1990.??.??"]
[Round "10"]
[White "Maric, Alisa"]
[Black "Hoiberg, Nina"]
[Result "1-0"]
[WhiteElo "2305"]
[BlackElo "2275"]
[EventDate "1990.06.??"]
[PlyCount "97"]

1.d4 Nf6 2.c4 c5 3.d5 d6 4.Nc3 g6 5.e4 Bg7 6.Nf3 O-O 7.Bd3 e6 8.O-O Re8 9.
h3 Na6 10.Re1 Nc7 11.Bf4 Nh5 12.Be3 e5 13.Bf1 a6 14.Nd2 Bd7 15.a3 Rf8 16.
b4 b6 17.bxc5 bxc5 18.Rb1 f5 19.exf5 Bxf5 20.Nde4 Nf6 21.Bg5 Qd7 22.Bxf6 
Bxf6 23.Rb7 Qd8 24.Qb3 Bc8 25.Rb6 Nb5 26.Na4 Nd4 27.Qd3 Be7 28.Reb1 Rf4 
29.R6b3 Bf5 30.Nac3 Bf8 31.Rb7 Be7 32.R1b2 Qf8 33.Qb1 Rd8 34.Rb8 Bc8 35.
Ne2 Nxe2+ 36.Bxe2 Qf5 37.Bd3 Qf7 38.Qd1 Qe8 39.Qe2 Rf8 40.Qd1 Bd7 41.Rxd8 
Qxd8 42.Qb1 Bc8 43.Rb6 Kg7 44.Rc6 Qd7 45.Qb6 Qf5 46.Rc7 Rf7 47.Qb2 Bf8 48.
Nxd6 Rxc7 49.Nxf5+ 1-0

[Event "interzonal (w)"]
[Site "Genting Highlands MAS"]
[Date "1990.??.??"]
[Round "10"]
[White "Rudolph, Alexey"]
[Black "Zayats, Elena"]
[Result "0-1"]
[WhiteElo "2090"]
[BlackElo "2305"]
[EventDate "1990.06.??"]
[PlyCount "90"]

1.Nf3 d5 2.d4 Nf6 3.e3 Bf5 4.Bd3 Bxd3 5.Qxd3 c6 6.O-O e6 7.c4 Nbd7 8.Nc3 
Be7 9.b3 O-O 10.Bb2 Qa5 11.Rac1 Rfd8 12.Qe2 Rac8 13.Rfd1 h6 14.a3 Qc7 15.
h3 Qb8 16.e4 dxe4 17.Nxe4 Nxe4 18.Qxe4 Nf6 19.Qe2 Ne8 20.Rc2 Bf6 21.Rcd2 
Qc7 22.Rd3 Rd7 23.Nd2 Nd6 24.Ne4 Nxe4 25.Qxe4 Qd8 26.Qe2 Qe7 27.d5 Bxb2 
28.Qxb2 exd5 29.cxd5 Rcd8 30.Rg3 f6 31.Rgd3 Rxd5 32.Rxd5 cxd5 33.b4 d4 34.
Rd3 Qe4 35.Qb3+ Qd5 36.Qxd5+ Rxd5 37.f4 Kf7 38.Kf2 Ke6 39.Kf3 Rd7 40.g4 
Kd5 41.Rd1 Re7 42.a4 Kc4 43.b5 d3 44.Rc1+ Kb3 45.Rc8 Rd7 0-1

[Event "interzonal (w)"]
[Site "Genting Highlands MAS"]
[Date "1990.??.??"]
[Round "10"]
[White "Wagner-Michel, Annett"]
[Black "Gurieli, Nino"]
[Result "0-1"]
[WhiteElo "2260"]
[BlackElo "2340"]
[EventDate "1990.06.??"]
[PlyCount "56"]

1.e4 d6 2.d4 Nf6 3.Nd2 g6 4.c3 Bg7 5.f4 e5 6.Ngf3 exf4 7.Bd3 O-O 8.O-O h6 
9.Nc4 g5 10.e5 Nd5 11.Qb3 Nc6 12.exd6 cxd6 13.Qa3 g4 14.Ne1 b5 15.Be4 Be6 
16.Qxd6 Nxd4 17.Qxd8 Ne2+ 18.Kf2 Raxd8 19.Bxd5 Bxd5 20.Na5 Rfe8 21.g3 
fxg3+ 22.hxg3 Be5 23.Kxe2 Bxc3+ 24.Be3 Bxa5 25.Kf2 Bc4 26.Rh1 Bd2 27.Bxd2 
Rxd2+ 28.Kg1 Re3 0-1

[Event "interzonal (w)"]
[Site "Genting Highlands MAS"]
[Date "1990.??.??"]
[Round "10"]
[White "Xie Jun"]
[Black "Starr, Nava"]
[Result "1-0"]
[WhiteElo "2360"]
[BlackElo "2220"]
[EventDate "1990.06.??"]
[PlyCount "135"]

1.e4 e5 2.Nf3 Nf6 3.d4 Nxe4 4.Nxe5 d5 5.Bd3 Nd7 6.Qe2 Qe7 7.Ng4 Ndf6 8.Ne3
Be6 9.f3 Nd6 10.Nc3 O-O-O 11.Bd2 c6 12.O-O-O Nh5 13.Ng4 Nf5 14.Qf2 Qc7 15.
g3 Qb6 16.Ne2 Bd6 17.Qe1 Bc7 18.Bc3 Kb8 19.Qd2 Nd6 20.Bb4 Nc4 21.Qc3 Bd6 
22.Bxd6+ Nxd6 23.Ne3 g6 24.g4 Ng7 25.a4 Rhe8 26.Nf1 Bd7 27.Nd2 Re3 28.Rhf1
Rde8 29.Nf4 Qc7 30.Ng2 R3e7 31.Rh1 Ne6 32.Nb3 b6 33.Ba6 Bc8 34.Bxc8 Rxc8 
35.Kb1 Qb7 36.Ne1 Nf4 37.Qd2 g5 38.h4 h6 39.hxg5 hxg5 40.Qh2 Qa6 41.Nd3 
Re2 42.Qh6 Ne6 43.Nbc1 Re3 44.Qh2 Rd8 45.Ne5 Qb7 46.Qf2 Rxe5 47.dxe5 Nc4 
48.Rde1 b5 49.axb5 Qxb5 50.Nd3 c5 51.b3 Nd4 52.Kc1 Na3 53.e6 fxe6 54.Qg3+ 
Ka8 55.Qc7 Qb6 56.Qxb6 axb6 57.c3 Ndc2 58.Rxe6 c4 59.bxc4 dxc4 60.Ne5 Kb7 
61.Rh7+ Ka6 62.Rhh6 Kb5 63.Rxb6+ Kc5 64.Rbc6+ Kd5 65.Nf7 Rd7 66.Rhd6+ Rxd6
67.Rxd6+ Kc5 68.Ra6 1-0

[Event "interzonal (w)"]
[Site "Genting Highlands MAS"]
[Date "1990.??.??"]
[Round "11"]
[White "Alexandria, Nana"]
[Black "Lematschko, Tatjana"]
[Result "0-1"]
[WhiteElo "2360"]
[BlackElo "2325"]
[EventDate "1990.06.??"]
[PlyCount "114"]

1.d4 f5 2.Nf3 Nf6 3.c4 e6 4.g3 d5 5.Bg2 c6 6.O-O Bd6 7.Nc3 O-O 8.Qc2 Bd7 
9.Bg5 h6 10.Bxf6 Qxf6 11.Qb3 Bc8 12.cxd5 exd5 13.e4 fxe4 14.Nxe4 Qd8 15.
Nxd6 Qxd6 16.Ne5 Nd7 17.Rfe1 Nb6 18.a4 Bf5 19.a5 Nd7 20.Qxb7 Nxe5 21.dxe5 
Qe6 22.Qb3 Rab8 23.Qc3 Rb5 24.b4 Rc8 25.Red1 Qe7 26.Rd4 Qxe5 27.Re1 Qd6 
28.g4 Bg6 29.Bf1 Rbb8 30.h4 Rf8 31.h5 Rxf2 32.Bg2 Rc2 33.Qf3 Rf8 34.Qe3 
Re8 35.hxg6 Rxe3 36.Rxe3 Rc1+ 37.Kf2 Qxg6 38.Rf4 Rc2+ 39.Kf3 Qd6 40.Bf1 
Rf2+ 41.Kxf2 Qxf4+ 42.Rf3 Qxg4 43.b5 Qh4+ 44.Kg2 Qg5+ 45.Kh2 Qe5+ 46.Kh3 
cxb5 47.Bxb5 g5 48.Bd3 h5 49.Rg3 Kg7 50.a6 Kh6 51.Kg2 g4 52.Bf1 Qb2+ 53.
Kg1 Qd4+ 54.Kg2 h4 55.Rd3 Qb2+ 56.Kg1 g3 57.Bg2 Qf2+ 0-1

[Event "interzonal (w)"]
[Site "Genting Highlands MAS"]
[Date "1990.??.??"]
[Round "11"]
[White "Forbes, Catherine"]
[Black "Makropoulou, Marina"]
[Result "1-0"]
[WhiteElo "2075"]
[BlackElo "2230"]
[EventDate "1990.06.??"]
[PlyCount "111"]

1.d4 Nf6 2.Nf3 g6 3.Nc3 d5 4.Bf4 Bg7 5.e3 O-O 6.Be2 b6 7.Ne5 Bb7 8.h4 Nfd7
9.h5 Nxe5 10.dxe5 c5 11.hxg6 hxg6 12.Bd3 Qd7 13.Bb5 Qe6 14.Qf3 a6 15.Be2 
Nd7 16.O-O-O Nxe5 17.Bxe5 Qxe5 18.Qh3 Rfd8 19.f4 Qf6 20.Bf3 Kf8 21.g4 g5 
22.fxg5 Qxg5 23.Kb1 e6 24.Rdf1 Ke7 25.Qg3 Qe5 26.Qf2 Rh8 27.Bxd5 Bxd5 28.
Nxd5+ Qxd5 29.Qxf7+ Kd6 30.Rhg1 Raf8 31.Qxg7 Rxf1+ 32.Rxf1 Qf3 33.Rc1 Rh1 
34.Qg5 Kc6 35.Qf4 Qg2 36.b3 Rh4 37.Qa4+ Kc7 38.Qxa6 Rxg4 39.Qa7+ Qb7 40.
Qxb7+ Kxb7 41.Kb2 Kc6 42.Kc3 b5 43.a3 Rg3 44.Kd3 c4+ 45.bxc4 bxc4+ 46.Kd4 
e5+ 47.Ke4 Kc5 48.Rb1 Rg2 49.Rb2 Rg1 50.Ra2 Rg4+ 51.Kxe5 c3 52.a4 Rb4 53.
a5 Rb2 54.Ra1 Rxc2 55.a6 Re2 56.Ke4 1-0

[Event "interzonal (w)"]
[Site "Genting Highlands MAS"]
[Date "1990.??.??"]
[Round "11"]
[White "Litinskaya, Marta"]
[Black "Akhsharumova, Anna"]
[Result "1-0"]
[WhiteElo "2355"]
[BlackElo "2395"]
[EventDate "1990.06.??"]
[PlyCount "151"]

1.d4 d6 2.Nf3 Bg4 3.e3 Nf6 4.c4 c5 5.dxc5 Qa5+ 6.Bd2 Qxc5 7.Nc3 e6 8.Be2 
Be7 9.Qb3 Qc8 10.O-O O-O 11.Rac1 Nbd7 12.Rfd1 Rd8 13.e4 b6 14.Re1 Qb7 15.
Qc2 Rac8 16.Qb1 Bxf3 17.gxf3 Ne5 18.b3 Nc6 19.Bf1 Nh5 20.f4 Nd4 21.Bg2 e5 
22.Nd5 exf4 23.Qb2 f3 24.Qxd4 fxg2 25.f4 Bf8 26.Re2 g6 27.f5 Re8 28.Kxg2 
Re5 29.Bc3 Bh6 30.Rf1 Bg7 31.f6 Bf8 32.Qd1 Rce8 33.Bxe5 Rxe5 34.Rf5 Kh8 
35.Rxe5 dxe5 36.b4 Qc6 37.Rf2 Qd7 38.Qf3 Bh6 39.Rf1 Bg5 40.h3 Qc6 41.a3 h6
42.c5 bxc5 43.Qc3 Nxf6 44.Qxe5 Kg7 45.b5 Qe6 46.Qxe6 fxe6 47.Nxf6 Bxf6 48.
Rc1 Bd8 49.Kf2 Kf6 50.Ke3 g5 51.Kd3 Bb6 52.Rf1+ Ke5 53.Kc4 Kxe4 54.Rf6 h5 
55.Rxe6+ Kf3 56.Rh6 h4 57.Rg6 Kg3 58.Rxg5+ Kxh3 59.a4 Kh2 60.Rg4 h3 61.Rg7
Kh1 62.Rg8 Kh2 63.Rg7 Kh1 64.Kd5 Kh2 65.a5 Bxa5 66.Rxa7 Bb6 67.Rg7 Kh1 68.
Kc6 Ba5 69.Kxc5 Kh2 70.Kc4 Be1 71.b6 Bf2 72.b7 Ba7 73.Kd3 Kh1 74.Ke2 Kh2 
75.Kf3 Kh1 76.Rg8 1-0

[Event "interzonal (w)"]
[Site "Genting Highlands MAS"]
[Date "1990.??.??"]
[Round "11"]
[White "Maric, Alisa"]
[Black "Rudolph, Alexey"]
[Result "1-0"]
[WhiteElo "2305"]
[BlackElo "2090"]
[EventDate "1990.06.??"]
[PlyCount "119"]

1.Nf3 e6 2.c4 f5 3.g3 Nf6 4.Bg2 c6 5.O-O d5 6.b3 Bd6 7.Nc3 O-O 8.d3 Nbd7 
9.e4 fxe4 10.Ng5 Nc5 11.dxe4 h6 12.Nh3 Ncxe4 13.Nxe4 Nxe4 14.Bxe4 dxe4 15.
Nf4 e5 16.Ng6 Re8 17.Qe2 Qf6 18.Nh4 g5 19.Ng2 Qf3 20.Re1 Bc5 21.Be3 Bb4 
22.Bd2 Qxe2 23.Rxe2 Bg4 24.Rxe4 Bf3 25.Re3 Bxd2 26.Rxf3 e4 27.Rf5 Rf8 28.
Rxf8+ Rxf8 29.Rd1 Bb4 30.Ne3 Bc5 31.g4 Bxe3 32.fxe3 Kg7 33.Rd4 Kf6 34.Rd6+
Ke5 35.Rd7 Rf3 36.Re7+ Kd6 37.Rxe4 b5 38.Kg2 Rf6 39.cxb5 cxb5 40.a4 a6 41.
h3 bxa4 42.bxa4 a5 43.Re8 Kc5 44.Rb8 Kc4 45.Rb5 Kd3 46.Re5 Ra6 47.Kf3 Kc4 
48.Rb5 Rf6+ 49.Ke4 Re6+ 50.Re5 Ra6 51.Kf5 Kb4 52.Re4+ Ka3 53.Rd4 Rb6 54.e4
Rb4 55.Rxb4 axb4 56.a5 b3 57.a6 b2 58.a7 b1=Q 59.a8=Q+ Kb2 60.Qb7+ 1-0

[Event "interzonal (w)"]
[Site "Genting Highlands MAS"]
[Date "1990.??.??"]
[Round "11"]
[White "Sziva, Erika"]
[Black "Starr, Nava"]
[Result "1/2-1/2"]
[WhiteElo "2250"]
[BlackElo "2220"]
[EventDate "1990.06.??"]
[PlyCount "96"]

1.e4 e5 2.Nf3 Nf6 3.d4 Nxe4 4.Bd3 d5 5.Nxe5 Nd7 6.Nxd7 Bxd7 7.O-O Qh4 8.c4
O-O-O 9.c5 g5 10.Nc3 Bg7 11.g3 Qh3 12.Nxe4 dxe4 13.Bxe4 Bb5 14.Bxg5 Rxd4 
15.Bg2 Qf5 16.Qb3 c6 17.Be3 Bxf1 18.Rxf1 Rdd8 19.Qa4 Kb8 20.b4 Bd4 21.Bf4+
Be5 22.Bxe5+ Qxe5 23.b5 Qd4 24.Qb3 Qd3 25.Qxd3 Rxd3 26.bxc6 bxc6 27.Bxc6 
Kc7 28.Be4 Rd4 29.Bf3 Rb8 30.Re1 Rd3 31.Re7+ Rd7 32.Re2 Kd8 33.Kg2 Re7 34.
Rd2+ Kc7 35.Rd6 Rb2 36.Ra6 Kb8 37.Ra3 Rc2 38.c6 Rb2 39.h4 f6 40.Ra5 Re5 
41.c7+ Kxc7 42.Rxa7+ Kd6 43.Ra6+ Ke7 44.a4 h5 45.Ra7+ Kf8 46.a5 Ra2 47.a6 
Rea5 48.Rh7 Rxa6 1/2-1/2

[Event "interzonal (w)"]
[Site "Genting Highlands MAS"]
[Date "1990.??.??"]
[Round "11"]
[White "Zayats, Elena"]
[Black "Wagner-Michel, Annett"]
[Result "1-0"]
[WhiteElo "2305"]
[BlackElo "2260"]
[EventDate "1990.06.??"]
[PlyCount "96"]

1.d4 d5 2.c4 e6 3.Nc3 Be7 4.cxd5 exd5 5.Bf4 Nf6 6.e3 O-O 7.Bd3 c5 8.dxc5 
Bxc5 9.Nge2 Nc6 10.O-O Be6 11.h3 a6 12.Rc1 Bd6 13.Bb1 Re8 14.Bxd6 Qxd6 15.
Nd4 Rac8 16.Nce2 Ne4 17.Nf4 Qe5 18.Nxc6 Rxc6 19.Bxe4 Qxe4 20.Rxc6 bxc6 21.
Qd3 Qa4 22.Qc3 Bd7 23.a3 a5 24.Nd3 Qb5 25.Nc5 Rd8 26.Rc1 Be8 27.a4 Qb6 28.
Qd4 Rb8 29.b3 Qd8 30.Qc3 Rb4 31.Rd1 h6 32.Rd4 Rxd4 33.Qxd4 Qc7 34.Nd3 Bd7 
35.Qe5 Qb6 36.Qc3 Bf5 37.Nf4 Be4 38.Nh5 f6 39.Ng3 Bg6 40.Ne2 c5 41.Kf1 Qb4
42.Qxb4 axb4 43.Ke1 Be8 44.Kd2 g5 45.Nc1 c4 46.a5 Kf8 47.Na2 Ke7 48.Nxb4 
Kd6 1-0

[Event "interzonal (w)"]
[Site "Genting Highlands MAS"]
[Date "1990.??.??"]
[Round "12"]
[White "Alexandria, Nana"]
[Black "Rudolph, Alexey"]
[Result "1-0"]
[WhiteElo "2360"]
[BlackElo "2090"]
[EventDate "1990.06.??"]
[PlyCount "63"]

1.c4 g6 2.d4 d6 3.Nc3 Bg7 4.e4 Nc6 5.d5 Nd4 6.Be3 c5 7.Nge2 e5 8.dxe6 Nxe6
9.Qd2 Nf6 10.h3 O-O 11.g3 Nd7 12.f4 Qb6 13.Bg2 Qb4 14.b3 b5 15.cxb5 a6 16.
b6 Nxb6 17.a3 Qa5 18.O-O Rb8 19.f5 Bxc3 20.Nxc3 Ng7 21.b4 cxb4 22.axb4 Qe5
23.Bf4 Nc4 24.Qd3 Nb2 25.Bxe5 Nxd3 26.Bxd6 Bb7 27.Rfd1 Nb2 28.Rdb1 Nc4 29.
Bxb8 Rxb8 30.b5 axb5 31.Rxb5 Nd6 32.Rb6 1-0

[Event "interzonal (w)"]
[Site "Genting Highlands MAS"]
[Date "1990.??.??"]
[Round "12"]
[White "Lematschko, Tatjana"]
[Black "Gurieli, Nino"]
[Result "0-1"]
[WhiteElo "2325"]
[BlackElo "2340"]
[EventDate "1990.06.??"]
[PlyCount "96"]

1.c4 Nf6 2.Nc3 g6 3.g3 Bg7 4.Bg2 O-O 5.d4 d6 6.e4 Nc6 7.Nge2 e5 8.d5 Ne7 
9.O-O Nd7 10.Be3 f5 11.Qd2 Nf6 12.f3 Bd7 13.b4 a5 14.a3 fxe4 15.Nxe4 Nf5 
16.Bg5 Qb8 17.Bxf6 Bxf6 18.g4 Qa7+ 19.c5 Ne7 20.Rac1 Bb5 21.Rf2 axb4 22.
axb4 Bh4 23.N2g3 Rad8 24.cxd6 cxd6 25.Qh6 Bxg3 26.hxg3 Nxd5 27.Qd2 Qd4 28.
Rd1 Qxd2 29.Rdxd2 Bc4 30.b5 Kg7 31.g5 Kf7 32.Bf1 Bxf1 33.Rxf1 Ne3 34.Rc1 
Ke6 35.Rc7 Rxf3 36.Nc5+ Kf5 37.Rf7+ Kg4 38.Rxf3 Kxf3 39.Nxb7 Ra8 40.Rd3 
Ra1+ 41.Kh2 e4 42.Rb3 d5 43.Nd6 d4 44.Nc4 Ra2+ 45.Kh3 d3 46.b6 Nxc4 47.b7 
Ra1 48.Kh2 Ne5 0-1

[Event "interzonal (w)"]
[Site "Genting Highlands MAS"]
[Date "1990.??.??"]
[Round "12"]
[White "Makropoulou, Marina"]
[Black "Demina, Yulia"]
[Result "1/2-1/2"]
[WhiteElo "2230"]
[BlackElo "2310"]
[EventDate "1990.06.??"]
[PlyCount "94"]

1.e4 c5 2.Nf3 Nc6 3.d4 cxd4 4.Nxd4 Nf6 5.Nc3 d6 6.Be2 e5 7.Nf3 h6 8.O-O 
Be7 9.Re1 O-O 10.h3 b6 11.Bf1 Bb7 12.Be3 Nb8 13.Bc1 Qc7 14.Bd3 a6 15.a4 
Rd8 16.Bd2 Bf8 17.Nh2 Nbd7 18.Ng4 Nxg4 19.hxg4 Nc5 20.g5 Nxd3 21.cxd3 hxg5
22.Bxg5 Be7 23.Bxe7 Qxe7 24.Qb3 Rab8 25.Rac1 b5 26.axb5 axb5 27.Qb4 Qe6 
28.Ra1 d5 29.Ra5 Bc6 30.exd5 Bxd5 31.Rxb5 Rxb5 32.Qxb5 Bc6 33.Qxe5 Qg4 34.
Qg3 Qxg3 35.fxg3 Rxd3 36.Kf2 Rd4 37.Rd1 Rb4 38.Rd2 f5 39.Ne2 Kf7 40.Nd4 
Be4 41.Ke3 Bb1 42.b3 Kf6 43.Rb2 Be4 44.g4 g6 45.gxf5 gxf5 46.g4 Ke5 47.
Nxf5 Bd5 1/2-1/2

[Event "interzonal (w)"]
[Site "Genting Highlands MAS"]
[Date "1990.??.??"]
[Round "12"]
[White "Starr, Nava"]
[Black "Akhsharumova, Anna"]
[Result "0-1"]
[WhiteElo "2220"]
[BlackElo "2395"]
[EventDate "1990.06.??"]
[PlyCount "96"]

1.e4 c5 2.Nc3 Nc6 3.f4 e6 4.Nf3 d5 5.exd5 exd5 6.Bb5 a6 7.Be2 Nf6 8.d3 Bd6
9.O-O O-O 10.Qe1 Re8 11.Qf2 d4 12.Ne4 Nxe4 13.dxe4 Rxe4 14.Bd3 Re8 15.Ng5 
h6 16.Qf3 Qc7 17.Qh5 Nd8 18.f5 c4 19.f6 Bxh2+ 20.Kh1 cxd3 21.fxg7 Kxg7 22.
Nh7 Re3 23.Nf6 Qe5 24.Bxe3 dxe3 25.cxd3 e2 26.Rfe1 Bg3 27.Qxe5 Bxe5 28.
Ne8+ Kg6 29.Rxe2 Nc6 30.d4 Bg4 31.Re4 Bf5 32.Re2 Rxe8 33.dxe5 Rxe5 34.Rxe5
Nxe5 35.Kg1 Be4 36.Kf2 f5 37.b3 f4 38.Rd1 Ng4+ 39.Kg1 Ne3 40.Rd6+ Kf5 41.
Rxh6 Bxg2 42.Rh8 Bc6 43.Kf2 Nd1+ 44.Ke1 Ne3 45.Kf2 Ng4+ 46.Kf1 f3 47.a4 
Kf4 48.Rf8+ Kg3 0-1

[Event "interzonal (w)"]
[Site "Genting Highlands MAS"]
[Date "1990.??.??"]
[Round "12"]
[White "Xie Jun"]
[Black "Maric, Alisa"]
[Result "1/2-1/2"]
[WhiteElo "2360"]
[BlackElo "2305"]
[EventDate "1990.06.??"]
[PlyCount "134"]

1.e4 c5 2.Nf3 Nc6 3.d4 cxd4 4.Nxd4 Qc7 5.Nc3 e6 6.f4 a6 7.Nf3 b5 8.Bd3 Bb7
9.O-O Bc5+ 10.Kh1 Nge7 11.Qe2 Nd4 12.Nxd4 Bxd4 13.Nd1 O-O 14.Bd2 f5 15.a4 
Rab8 16.axb5 axb5 17.e5 Ng6 18.Be3 Bxe3 19.Nxe3 Bc6 20.Qd2 Ra8 21.Rae1 Ra4
22.Nd1 Ra1 23.Be2 Nh4 24.Ne3 Rxe1 25.Qxe1 Qb6 26.Qxh4 Qxe3 27.Qf2 Qd2 28.
Bf3 Qxf4 29.Bxc6 Qxf2 30.Rxf2 dxc6 31.Rd2 Ra8 32.Kg1 Ra2 33.b3 Kf8 34.Kf2 
b4 35.Kf3 Ra5 36.Rd4 Rxe5 37.Rxb4 Ke7 38.Rb7+ Kf6 39.Rc7 c5 40.c4 h6 41.h4
g5 42.hxg5+ hxg5 43.g3 Kg6 44.Rc8 Kf7 45.Rc7+ Kf6 46.Kf2 g4 47.Rd7 Re4 48.
Rc7 Rd4 49.Ke2 Re4+ 50.Kf2 Ke5 51.Rxc5+ Kd4 52.Rc6 e5 53.Rf6 f4 54.gxf4 
Rxf4+ 55.Rxf4+ exf4 56.Ke2 Kc5 57.Kf2 Kb4 58.Ke2 Kc5 59.Kf2 Kd4 60.Ke2 Ke4
61.c5 g3 62.c6 f3+ 63.Kf1 Ke3 64.c7 g2+ 65.Kg1 Ke2 66.c8=Q f2+ 67.Kxg2 
f1=Q+ 1/2-1/2

[Event "interzonal (w)"]
[Site "Genting Highlands MAS"]
[Date "1990.??.??"]
[Round "13"]
[White "Demina, Yulia"]
[Black "Hoiberg, Nina"]
[Result "1-0"]
[WhiteElo "2310"]
[BlackElo "2275"]
[EventDate "1990.06.??"]
[PlyCount "71"]

1.Nf3 Nc6 2.d4 d5 3.c4 Bg4 4.e3 e5 5.dxe5 dxc4 6.Qa4 Bxf3 7.gxf3 Qd5 8.Nc3
Qxf3 9.Rg1 Qh5 10.Bg2 Ne7 11.Bd2 O-O-O 12.e6 fxe6 13.Qxc4 Nd5 14.Nxd5 exd5
15.Qf4 Bd6 16.Qf3 Qxf3 17.Bxf3 Bxh2 18.Rxg7 Ne5 19.Be2 Rdg8 20.Rxg8+ Rxg8 
21.O-O-O Bg1 22.f4 Nd7 23.Bf3 Nf6 24.Kc2 c6 25.Rf1 Kd7 26.Kd3 Ke7 27.Bb4+ 
Kf7 28.Bc3 Nd7 29.b4 Nb6 30.Bd4 Nc4 31.Bh5+ Ke7 32.f5 Bh2 33.f6+ Kf8 34.f7
Rg2 35.Rf6 Be5 36.Bxe5 1-0

[Event "interzonal (w)"]
[Site "Genting Highlands MAS"]
[Date "1990.??.??"]
[Round "13"]
[White "Gurieli, Nino"]
[Black "Forbes, Catherine"]
[Result "1-0"]
[WhiteElo "2340"]
[BlackElo "2075"]
[EventDate "1990.06.??"]
[PlyCount "95"]

1.d4 d6 2.e4 Nf6 3.Nc3 g6 4.Nf3 Bg7 5.Be2 O-O 6.O-O Bg4 7.a4 Nc6 8.d5 Bxf3
9.Bxf3 Ne5 10.Be2 c6 11.a5 Qc7 12.a6 cxd5 13.axb7 Qxb7 14.Ba6 Qc7 15.exd5 
Rab8 16.Qe2 h5 17.h3 Kh7 18.Rd1 Bh6 19.f4 Ned7 20.Nb5 Qc5+ 21.Be3 Qb4 22.
c3 Qe4 23.Rd4 Qf5 24.Nxd6 exd6 25.Bd3 Ne4 26.Bxe4 Qf6 27.Rxa7 Nc5 28.Bb1 
Rfe8 29.Qf2 Re7 30.Rxe7 Qxe7 31.b4 Na4 32.Bd2 Bg7 33.Re4 Qc7 34.Bd3 Nb2 
35.Qe2 Ra8 36.Re7 Qd8 37.Rxf7 Ra1+ 38.Kh2 Nxd3 39.Qxd3 Qg8 40.Rd7 Qf8 41.
c4 Rd1 42.Qe3 Kh8 43.Bc3 Bxc3 44.Qxc3+ Kg8 45.Qg3 Qf5 46.Rd8+ Kf7 47.Qe3 
Rf1 48.Qa7+ 1-0

[Event "interzonal (w)"]
[Site "Genting Highlands MAS"]
[Date "1990.??.??"]
[Round "13"]
[White "Lematschko, Tatjana"]
[Black "Makropoulou, Marina"]
[Result "1-0"]
[WhiteElo "2325"]
[BlackElo "2230"]
[EventDate "1990.06.??"]
[PlyCount "119"]

1.c4 e5 2.Nc3 Bb4 3.g3 Nf6 4.Bg2 O-O 5.Nf3 Re8 6.O-O c6 7.d3 h6 8.d4 e4 9.
Ne1 d5 10.cxd5 cxd5 11.Bf4 a6 12.Rc1 Nc6 13.Na4 Bd6 14.Be3 Bg4 15.Nc2 Rc8 
16.Qd2 Qa5 17.Nc3 Qd8 18.f3 exf3 19.exf3 Bf5 20.Bf2 Nb4 21.Ne3 Bg6 22.Bh3 
Rc7 23.Nf5 Bf8 24.a3 Nc6 25.b4 Bxf5 26.Bxf5 Ne7 27.Bh3 Nc8 28.Na4 Nd6 29.
Rxc7 Qxc7 30.Nc5 Nc4 31.Qd3 g6 32.Rb1 b5 33.Nxa6 Qa7 34.Nc5 Qxa3 35.Qxa3 
Nxa3 36.Rb2 Rd8 37.Ra2 Nc4 38.Ra7 Ne8 39.Bd7 Ned6 40.g4 Nc8 41.Rc7 N8d6 
42.Bc6 Ne8 43.Ra7 Bxc5 44.dxc5 Ne5 45.Bxb5 Nxf3+ 46.Kg2 Ng5 47.Bh4 d4 48.
Bxg5 hxg5 49.Bc4 d3 50.Rxf7 Kh8 51.Bxd3 Rxd3 52.Rf8+ Kg7 53.Rxe8 Rc3 54.
Re4 Kh6 55.Kf2 Rc2+ 56.Ke3 Rb2 57.Rc4 Rb1 58.c6 Re1+ 59.Kd2 Re7 60.b5 1-0

[Event "interzonal (w)"]
[Site "Genting Highlands MAS"]
[Date "1990.??.??"]
[Round "13"]
[White "Litinskaya, Marta"]
[Black "Starr, Nava"]
[Result "1-0"]
[WhiteElo "2355"]
[BlackElo "2220"]
[EventDate "1990.06.??"]
[PlyCount "105"]

1.d4 Nf6 2.c4 e6 3.Nc3 c5 4.d5 exd5 5.cxd5 d6 6.Nf3 g6 7.Bf4 Bg7 8.Qa4+ 
Bd7 9.Qb3 b5 10.Bxd6 Qb6 11.Be5 c4 12.Qd1 O-O 13.e3 Na6 14.Be2 Nc5 15.O-O 
Rad8 16.Qd4 b4 17.Nd1 Nd3 18.Qxb6 axb6 19.Bc7 Rc8 20.Bxb6 Nxd5 21.Bd4 Bb5 
22.Bxg7 Kxg7 23.Nd4 Ba6 24.a3 c3 25.axb4 c2 26.Nc3 Nxc3 27.bxc3 Rxc3 28.
Bxd3 Bxd3 29.Rfc1 Rd8 30.f3 Rb8 31.b5 g5 32.Ra4 Bg6 33.e4 Rd8 34.b6 Rd3 
35.Nxc2 Rd1+ 36.Rxd1 Rxd1+ 37.Kf2 Rd2+ 38.Ke3 Rxc2 39.Rb4 Rc8 40.b7 Rb8 
41.Kd4 f5 42.e5 f4 43.Kd5 Bd3 44.Rb6 Bf1 45.Kc6 Bxg2 46.Kc7 Rxb7+ 47.Rxb7 
Bxf3 48.Ra7 Be2 49.Kd8+ Kg6 50.e6 f3 51.e7 Bb5 52.Ra5 Bc6 53.Ra6 1-0